ბათუმის შოთა რუსთაველის სახელმწიფო უნივერსიტეტის ბიბლიოთეკა

ანაკრეონტეა, ლირიკა / (ბიბ.ჩანაწერი № 55924)

000 -ლიდერი
ფიქსირებული სიგრძის საკონტროლო ველი 01512nam a2200277Ia 4500
001 - საკონტროლო ნომერი
საკონტროლო ველი 23022
003 - საკონტროლო ნომრის იდენტიფიკატორი
საკონტროლო ველი GE_BSU
005 - ბოლო ოპერაციის თარიღი და დრო
საკონტროლო ველი 20230629144144.0
008 - ფიქსირებული სიგრძის მონაცემთა ელემენტები - ზოგადი ინფორმაცია
ფიქსირებული სიგრძის საკონტროლო ველი 181216s1988||||ge |||||||||||||| ||geo||
020 ## - წიგნის საერთაშორისო სტანდარტული ნომერი
International Standard Book Number ISBN: 5511002275
040 ## - კატალოგიზაციის წყარო
Transcribing agency GE_BSU
041 ## - ენის კოდი
Language code of text/sound track or separate title geo
080 ## - უნივერსალური ათობითი კლასიფიკაციის ინდექსი
Universal Decimal Classification number 821.14'01-14 ა-61
100 ## - მთავარი ჩანაწერი - პიროვნების სახელი
Personal name ანაკრეონტი, დაახლ. 570-478 ჩ.წ.ა.
9 (RLIN) 19071
245 ## - ცნობა სათაურის შესახებ
Title ანაკრეონტეა, ლირიკა /
Statement of responsibility, etc ანაკრეონტი, დაახლ. 570-478 ჩ.წ.ა. ; ძვ. ბერძნ. თარგმნა, შესავ. წერილი, კომენტარები და სახელთა საძიებელი დაურთო: თამარ კალატოზმა ; რედ. აკაკი ურუშაძე.
264 ## - წარმოების, გამოცემის, დისტრიბუციის და სხვა ცნობები
გამოცემის, წარმოების, დისტრიბუციის... ადგილი თბილისი :
გამოცემის, წარმოების, დისტრიბუციის... სახელწოდება თბილ. უნ-ტის გამ-ბა,
გამოცემის, წარმოების, დისტრიბუციის... თარიღი 1988.
300 ## - ფიზიკური აღწერა
Extent 150 გ. :
Other physical details ილ. შავ–თეთრი ;
Dimensions 19 სმ.
500 ## - ზოგადი შენიშვნა
General note პარალელური თავფურცელი ბერძნულ ენაზე
500 ## - ზოგადი შენიშვნა
General note საძიებლები : გვ. 139-150
653 ## - INDEX TERM--UNCONTROLLED
Uncontrolled term ლირიკა
653 ## - INDEX TERM--UNCONTROLLED
Uncontrolled term ანაკრეონტეა
700 ## - ADDED ENTRY--PERSONAL NAME
Personal name ურუშაძე, აკაკი
Relator term რედაქტორი
9 (RLIN) 19072
710 ## - ADDED ENTRY--CORPORATE NAME
Subordinate unit თსუ-ს ბერძნულ-ლათინური ბიბიოთეკა
9 (RLIN) 19073
942 ## - ADDED ENTRY ELEMENTS (KOHA)
Koha item type წიგნი
Source of classification or shelving scheme
ეგზემპლარები
ჩამოწერის სტატუსი დაკარგული ეგზემპლარის სტატუსი კლასიფიკაციის წყარო ან თაროზე გაწყობის სქემა დაზიანების სტატუსი არ გაიცემა მუდმივი მდებარეობა (დაცვის ადგილი) ამჟამინდელი ადგილსამყოფელი თაროზე განთავსების ადგილი შეძენის თარიღი ღირებულება, შესყიდვის ნორმალური ფასი სრული შენახვის შიფრი შტრიხკოდი ბოლო ოპერაციის თარიღი ეგზემპლარის მიმდევრობითი ნომერი (კეტერი?) ფასის ძალაში შესვლის თარიღი ეგზემპლარის სახეობა საჯარო შენიშვნა
          ბათუმის შოთა რუსთაველის სახელმწიფო უნივერსიტეტის მთავარი ბიბლიოთეკა ბათუმის შოთა რუსთაველის სახელმწიფო უნივერსიტეტის მთავარი ბიბლიოთეკა წიგნსაცავი 2018-12-17 0.50 821.14'01-14 ა-61 58464 2018-12-17 58464 2018-12-17 წიგნი 0.50 ₾.